<?xml version="1.0" encoding="UTF-8"?>
<record
    xmlns:xsi="http://www.w3.org/2001/XMLSchema-instance"
    xsi:schemaLocation="http://www.loc.gov/MARC21/slim http://www.loc.gov/standards/marcxml/schema/MARC21slim.xsd"
    xmlns="http://www.loc.gov/MARC21/slim">

  <leader>00663nam a22001337a 4500</leader>
  <datafield tag="040" ind1=" " ind2=" ">
    <subfield code="c">RUA</subfield>
  </datafield>
  <datafield tag="082" ind1=" " ind2=" ">
    <subfield code="a">AGR KY 2017 B644 Or.1</subfield>
  </datafield>
  <datafield tag="100" ind1=" " ind2=" ">
    <subfield code="a">KY PIDEN &#x1782;&#x17B8; &#x1796;&#x17B8;&#x178A;&#x17C2;&#x1793;</subfield>
  </datafield>
  <datafield tag="245" ind1=" " ind2=" ">
    <subfield code="a">comparison of fertilizer urea rates on growth yield on bok choy ( Brassica rapa) &#x1780;&#x17B6;&#x179A;&#x1794;&#x17D2;&#x179A;&#x17C0;&#x1794;&#x17D2;&#x179A;&#x17B6;&#x179F;&#x17CB;&#x1780;&#x1798;&#x17D2;&#x179A;&#x17B7;&#x178F;&#x1787;&#x17B8; &#x17A2;&#x17CA;&#x17BB;&#x1799;&#x179A;&#x17C9;&#x17C1;&#x1795;&#x17D2;&#x179F;&#x17C1;&#x1784;&#x17D7;&#x1782;&#x17D2;&#x1793;&#x17B6;&#x179B;&#x17BE;&#x1780;&#x17B6;&#x179B;&#x17BC;&#x178F;&#x179B;&#x17B6;&#x179F;&#x17CB;&#x1793;&#x17B7;&#x1784;&#x1791;&#x17B7;&#x1793;&#x17D2;&#x1793;&#x1795;&#x179B;&#x178A;&#x17C6;&#x178E;&#x17B6;&#x17C6;&#x179F;&#x17D2;&#x1796;&#x17C3;&#x178F;&#x17BF;</subfield>
  </datafield>
  <datafield tag="260" ind1=" " ind2=" ">
    <subfield code="a">RUA</subfield>
    <subfield code="b">phnom penh</subfield>
    <subfield code="c">2017</subfield>
  </datafield>
  <datafield tag="300" ind1=" " ind2=" ">
    <subfield code="a">xxi;49p</subfield>
    <subfield code="b">ill;</subfield>
    <subfield code="c">29cm</subfield>
  </datafield>
  <datafield tag="856" ind1=" " ind2=" ">
    <subfield code="u">https://drive.google.com/file/d/1XfhKfgTTZTCz9USj1AQQGqzpQ7ODKCIK/view?usp=sharing</subfield>
  </datafield>
  <datafield tag="942" ind1=" " ind2=" ">
    <subfield code="c">AGR</subfield>
  </datafield>
  <datafield tag="999" ind1=" " ind2=" ">
    <subfield code="c">18179</subfield>
    <subfield code="d">18179</subfield>
  </datafield>
  <datafield tag="952" ind1=" " ind2=" ">
    <subfield code="0">0</subfield>
    <subfield code="1">0</subfield>
    <subfield code="2">ddc</subfield>
    <subfield code="4">0</subfield>
    <subfield code="6">AGR_KY_2017_000000000000000_B644_OR_1</subfield>
    <subfield code="7">0</subfield>
    <subfield code="9">81266</subfield>
    <subfield code="a">LBB</subfield>
    <subfield code="b">LBB</subfield>
    <subfield code="c">B644</subfield>
    <subfield code="d">2019-08-23</subfield>
    <subfield code="l">1</subfield>
    <subfield code="o">AGR KY 2017 B644 Or.1</subfield>
    <subfield code="p">A43633</subfield>
    <subfield code="r">2019-11-27</subfield>
    <subfield code="s">2019-11-26</subfield>
    <subfield code="w">2019-08-23</subfield>
    <subfield code="y">AGR</subfield>
  </datafield>
  <datafield tag="952" ind1=" " ind2=" ">
    <subfield code="0">0</subfield>
    <subfield code="1">0</subfield>
    <subfield code="2">ddc</subfield>
    <subfield code="4">0</subfield>
    <subfield code="6">AGR_KY_2017_000000000000000_B644_OR_2</subfield>
    <subfield code="7">0</subfield>
    <subfield code="9">81267</subfield>
    <subfield code="a">LBB</subfield>
    <subfield code="b">LBB</subfield>
    <subfield code="c">B644</subfield>
    <subfield code="d">2019-08-23</subfield>
    <subfield code="l">3</subfield>
    <subfield code="o">AGR KY 2017 B644 Or.2</subfield>
    <subfield code="p">A44062</subfield>
    <subfield code="r">2020-08-12</subfield>
    <subfield code="s">2020-08-04</subfield>
    <subfield code="w">2019-08-23</subfield>
    <subfield code="y">AGR</subfield>
  </datafield>
  <datafield tag="952" ind1=" " ind2=" ">
    <subfield code="0">0</subfield>
    <subfield code="1">0</subfield>
    <subfield code="2">ddc</subfield>
    <subfield code="4">0</subfield>
    <subfield code="6">AGR_KY_2017_000000000000000_B644_OR_3</subfield>
    <subfield code="7">0</subfield>
    <subfield code="9">81268</subfield>
    <subfield code="a">LBB</subfield>
    <subfield code="b">LBB</subfield>
    <subfield code="c">B644</subfield>
    <subfield code="d">2019-08-23</subfield>
    <subfield code="o">AGR KY 2017 B644 Or.3</subfield>
    <subfield code="p">A44057</subfield>
    <subfield code="r">2019-08-23</subfield>
    <subfield code="w">2019-08-23</subfield>
    <subfield code="y">AGR</subfield>
  </datafield>
  <datafield tag="952" ind1=" " ind2=" ">
    <subfield code="0">0</subfield>
    <subfield code="1">0</subfield>
    <subfield code="2">ddc</subfield>
    <subfield code="4">0</subfield>
    <subfield code="6">AGR_KY_2017_000000000000000_B644_OR_4</subfield>
    <subfield code="7">0</subfield>
    <subfield code="9">81269</subfield>
    <subfield code="a">LBB</subfield>
    <subfield code="b">LBB</subfield>
    <subfield code="c">B644</subfield>
    <subfield code="d">2019-08-23</subfield>
    <subfield code="o">AGR KY 2017 B644 Or.4</subfield>
    <subfield code="p">A43643</subfield>
    <subfield code="r">2019-08-23</subfield>
    <subfield code="w">2019-08-23</subfield>
    <subfield code="y">AGR</subfield>
  </datafield>
  <datafield tag="952" ind1=" " ind2=" ">
    <subfield code="0">0</subfield>
    <subfield code="1">0</subfield>
    <subfield code="2">ddc</subfield>
    <subfield code="4">0</subfield>
    <subfield code="6">AGR_KY_2017_000000000000000_B644_OR_5</subfield>
    <subfield code="7">0</subfield>
    <subfield code="9">81270</subfield>
    <subfield code="a">LBB</subfield>
    <subfield code="b">LBB</subfield>
    <subfield code="c">B644</subfield>
    <subfield code="d">2019-08-23</subfield>
    <subfield code="o">AGR KY 2017 B644 Or.5</subfield>
    <subfield code="p">A43837</subfield>
    <subfield code="r">2019-08-23</subfield>
    <subfield code="w">2019-08-23</subfield>
    <subfield code="y">AGR</subfield>
  </datafield>
  <datafield tag="952" ind1=" " ind2=" ">
    <subfield code="0">0</subfield>
    <subfield code="1">0</subfield>
    <subfield code="2">ddc</subfield>
    <subfield code="4">0</subfield>
    <subfield code="6">AGR_KY_2017_000000000000000_B644_OR_6</subfield>
    <subfield code="7">0</subfield>
    <subfield code="9">81271</subfield>
    <subfield code="a">LBB</subfield>
    <subfield code="b">LBB</subfield>
    <subfield code="c">B644</subfield>
    <subfield code="d">2019-08-23</subfield>
    <subfield code="o">AGR KY 2017 B644 Or.6</subfield>
    <subfield code="p">A43987</subfield>
    <subfield code="r">2019-08-23</subfield>
    <subfield code="w">2019-08-23</subfield>
    <subfield code="y">AGR</subfield>
  </datafield>
</record>
